Personnalités Politiques 1914 - 1945 - Statistiques

Statistiques générales
  • Ce quiz a été pris 88 fois
  • Le résultat moyen est 6 sur 20
Statistiques - réponses
Hint Réponse % Correct
Crée la "voie sacrée", présenté comme le vainqueur de la bataille de Verdun. Philippe Pétain
94%
Ministre de la guerre en 1918 il est 1er ministre du Royaume Uni en 1940. Winston Churchill
82%
Proche de Jean Jaurès et membre de la SFIO il est anti Kominter. Il est président du conseil de 1936 à 1938 après la victoire du Front Populaire. Léon Blum
79%
Connu pour son pouvoir autoritaire, il est nommé ministre de la guerre et président du conseil. Il lutte contre les mutineries dans l'armée. Georges Clémenceau
70%
Président pendant la 1re Guerre Mondiale, il met en place le service militaire de 3 ans et appelle à l'Union Sacrée. Raymond Poincaré
61%
Premier ministre britannique de 1937 à 1940, il est conservateur et partisan d'une politique "d'apaisement" ce qui l'amène à signer les accords de Munich en 1938. Neville Chamberlain
45%
Chef de la coalition du "bloc national", il est président de la République Française (1920 - 1924) Alexandre Millerand
39%
Président Américain Républicain de 1928 à 1932, farouchement opposé au New Deal. Herbert Hoover
26%
Dernier premier ministre libéral du Royaume Uni (1916 - 1922), il organise la mobilisation économique de son pays pendant la 1re Guerre Mondiale. David Lloyd George
24%
Commande l'armée américaine pendant la Première Guerre Mondiale. John Pershing
9%
Général en chef des armées allemandes (1916 - 1918), il est à l'origine de la guerre sous-marine. Erich Ludendorff
8%
Premier Ministre britannique libéral de 1908 à 1916. Il fait entrer le Royaume Uni dans la Première Guerre Mondiale. Herbert Henry Asquith
6%
Il organise la production d'armes françaises pendant la Première Guerre mondiale. Albert Thomas
5%
Ministre du commerce français en 1915. Etienne Clémentel
3%
Président du conseil de 1914 à 1915, il représente la France au conseil de la SDN. René Viviani
3%
Président du War Industry Board et membre du brain trust. Bernard Baruch
2%
Dirigeant du Komintern, président de la Tcheka, il est éliminé au moment des Grandes Purges staliniennes. Grigori Zinoviev
2%
Empereur d'Ethiopie, il s'exile à Bath quand Mussolini envahit son pays en 1935 avant de le libérer en 1941. Hailé Sélassié 1er
0%
Ministre britannique de la guerre pendant la Première Guerre Mondiale, il est critiqué pour ses défaites notamment dans les Dardanelles. Herbert Kitchener
0%
Homme politique allemand soutenant la Première Guerre Mondiale, il dirige le département des matières premières avant de soutenir la République de Weimar. Rathenau Walter
0%
Aucun quiz correspondant
Distribution des résultats
% des personnes avec chaque résultat
Percentile par nombre de réponses
Votre historique - résultats
Vous n’avez pas pris ce quiz